| 000 | 00848nam a22002297a 4500 | ||
|---|---|---|---|
| 999 |
_c18797 _d18797 |
||
| 003 | AR-CdUCM | ||
| 008 | 190515b ||||| |||| 00| 0 spa d | ||
| 040 |
_aMUNICIPALIDAD PROVINCIAL DEL CUSCO _cBIBLIOTECA MUNICIPAL DEL CUSCO |
||
| 082 |
_a348.6 / _bR92 |
||
| 100 |
_aRueda Sanchez, Gregorio _931882 |
||
| 245 | _aManual de legislación laboral / | ||
| 260 |
_aLima : _bRaigal, |
||
| 300 |
_a661 páginas ; _c22 cm. |
||
| 505 | _aContenido: Contratos de trabajo -- Jornada de trabajo -- Dia del trabajo -- Feriados no laborales -- Salario dominical y descanso semanal obligatorio -- Libro de planillas ... | ||
| 650 |
_aDerecho laboral _95297 |
||
| 650 |
_aRelaciones laborales _97470 |
||
| 650 |
_aTrabajo y trabajadores _99211 |
||
| 650 |
_aLegislación _92962 |
||
| 650 |
_aPerú _935 |
||
| 942 |
_2ddc _cLIBROS |
||
| 945 |
_aacv _d2019-05-15 |
||